Visualizzazione normale
Vista MARC
- Mahler Gustav
di Personal Name
Records bibliografici associati: 1
001 - CONTROL NUMBER
- control field: 5958
003 - CONTROL NUMBER IDENTIFIER
- control field: IT-RoPau
005 - DATE AND TIME OF LATEST TRANSACTION
- control field: 20131218120823.0
008 - FIXED-LENGTH DATA ELEMENTS
- fixed length control field: 131218|| aca||aabn | a|a d
040 ## - CATALOGING SOURCE
- Original cataloging agency: IT-RoPau
- Transcribing agency: IT-RoPau
100 ## - HEADING--PERSONAL NAME
- Personal name: Mahler Gustav
- Dates associated with a name: Codice autore SPICS: 4334
- Relator term: Autore
- Name of part/section of a work: Intermezzo Before Act II of "Die Drei Pintos"
670 ## - SOURCE DATA FOUND
- Source citation: Work cat.: (IT-RoPau)102984: AA.VV. 794, Overture (K.H. Adler)-Lp Decca Sxl 6909